Advanced research methods for the social and behavioral sciences.
Guardat en:
| Altres autors: | |
|---|---|
| Format: | Llibre |
| Idioma: | anglès |
| Publicat: |
Cambridge, United Kingdom ; New York, NY, USA :
Cambridge University Press,
2019.
|
| Matèries: | |
| Etiquetes: |
Afegir etiqueta
Sense etiquetes, Sigues el primer a etiquetar aquest registre!
|
MARC
| LEADER | 00000cam a2200000 i 4500 | ||
|---|---|---|---|
| 001 | 20696432 | ||
| 003 | CL-VaPUC | ||
| 005 | 20250117102447.0 | ||
| 008 | 181004s2019 enka 001 0 eng | ||
| 999 | |c 445816 |d 445814 | ||
| 010 | |a 2018045905 | ||
| 020 | |a 9781108425933 (hardback) | ||
| 020 | |a 9781108441919 (pbk.) | ||
| 040 | |a DLC |b eng |c Pontificia Universidad Católica de Valparaíso |e rda |d DLC | ||
| 042 | |a pcc | ||
| 050 | 0 | 0 | |a H61 |b .A39325 2019 |
| 082 | 0 | 0 | |a 001.42 EDL 2019 |2 23 |
| 100 | 1 | |4 Edlund, John E. |e editor |9 895054 | |
| 245 | 0 | 0 | |a Advanced research methods for the social and behavioral sciences. |
| 260 | |a Cambridge, United Kingdom ; |a New York, NY, USA : |b Cambridge University Press, |c 2019. | ||
| 300 | |a xiii, 374 páginas : |b ilustraciones | ||
| 583 | |c 20250103 | ||
| 650 | 0 | |a Ciencias sociales |x Metodología |9 863060 | |
| 650 | 0 | |a Psicología |x Investigación |x Metodología |9 895056 | |
| 700 | 1 | |a Nichols, Austin Lee, |d 1984- |e editor. |9 895057 | |
| 942 | |2 ddc |c BK | ||
| 952 | |0 0 |1 0 |2 ddc |4 0 |6 001_420000000000000_EDL_2019 |7 0 |8 A |9 598837 |a BIBCUR |b BIBCUR |d 2025-01-03 |e 3 |g 69396.00 |i 5663782 |o 001.42 EDL 2019 |p 5663782 |r 2025-04-22 |t 1 |v 69396.00 |w 2025-01-03 |y BK |k PER | ||